[Event "ASLK master tournament"]
[Site "Leuven"]
[Date "1998.02.27"]
[Round "8"]
[White "Åkesson, Ralf"]
[Black "Claesen, Pieter"]
[Result "1-0"]
[WhiteElo "2505"]
[BlackElo "2430"]
[WhiteTitle "GM"]
[BlackTitle "IM"]
[Source "ChessBase"]
[EventDate "1998.02.20"]

1.d4 d5 2.c4 c6 3.Nc3 Nf6 4.e3 g6 5.Nf3 Bg7 6.Bd3 O-O 7.O-O Bg4 8.h3 Bxf3 
9.Qxf3 Qd6 10.b3 e5 11.dxe5 Qxe5 12.Bb2 dxc4 13.Bxc4 Nbd7 14.Rfd1 Qe7 15.
Bf1 Rfd8 16.Qe2 Nb6 17.g3 Nfd5 18.Nxd5 Nxd5 19.Rac1 Rd7 20.Bxg7 Kxg7 21.e4
Nf6 22.Qb2 Rxd1 23.Rxd1 Re8 24.Bg2 Kg8 25.Qd4 c5 26.Qc4 b6 27.f4 Rd8 28.
Rxd8+ Qxd8 29.e5 Nh5 30.Kh2 Ng7 31.Qd5 Qxd5 32.Bxd5 Nf5 33.Bc4 Nd4 34.a4 
a6 35.Bxa6 Nxb3 36.Kg2 Nd2 37.Bb5 Kf8 38.g4 Ke7 39.Kf2 Nb3 40.Ke3 Nd4 41.
Bc4 h5 42.gxh5 gxh5 43.Ke4 h4 44.Kd5 Kd7 45.Bd3 Ne6 46.Bb5+ Kc7 47.Ke4 Kd8
48.Bf1 Nd4 49.f5 Ke7 50.f6+ Kd7 51.Bc4 Ne6 52.Kf5 Nd4+ 53.Kg4 Ke8 54.Bd5 
Nc2 55.Kxh4 Ne3 56.Bc6+ Kf8 57.Kg3 c4 58.Kf2 Nf5 59.Be4 Nd4 60.Ke3 Ne6 61.
Bc2 1-0

[Event "ASLK master tournament"]
[Site "Leuven"]
[Date "1998.02.27"]
[Round "8"]
[White "Lane, Gary William"]
[Black "Bunzmann, Dimitrij"]
[Result "0-1"]
[WhiteElo "2400"]
[BlackElo "2390"]
[WhiteTitle "IM"]
[Source "ChessBase"]
[EventDate "1998.02.20"]

1.e4 e6 2.d4 d5 3.Nd2 Nf6 4.e5 Nfd7 5.c3 c5 6.f4 Nc6 7.Ndf3 cxd4 8.cxd4 
Nb6 9.g4 h5 10.gxh5 Rxh5 11.h4 Bd7 12.Ne2 a5 13.Ng3 Rh8 14.h5 Qc7 15.a3 a4
16.h6 Rxh6 17.Rxh6 gxh6 18.Nh5 O-O-O 19.Bd2 Kb8 20.Rc1 Be7 21.Bb5 Rg8 22.
Kf1 Qd8 23.Bd3 Nc4 24.Bxc4 dxc4 25.f5 Na5 26.f6 Bf8 27.Kf2 Bc6 28.Be3 Qd5 
29.Nf4 Qe4 30.Nd2 Qf5 31.Nxc4 Nxc4 32.Rxc4 Rg2+ 33.Ke1 Rxb2 34.Rc1 Bxa3 
0-1

[Event "ASLK master tournament"]
[Site "Leuven"]
[Date "1998.02.27"]
[Round "8"]
[White "Meessen, Rudolf"]
[Black "Schebler, Gerhard"]
[Result "1/2-1/2"]
[WhiteElo "2310"]
[BlackElo "2450"]
[BlackTitle "IM"]
[Source "ChessBase"]
[EventDate "1998.02.20"]

1.d4 d6 2.e4 g6 3.c4 Nf6 4.Nc3 Bg7 5.f3 O-O 6.Be3 a6 7.Qd2 Nc6 8.Nge2 Rb8 
9.h4 h5 10.O-O-O b5 11.Bh6 e5 12.Bxg7 Kxg7 13.dxe5 Nxe5 14.Nd4 c5 15.Nc2 
bxc4 16.Ne3 Be6 17.f4 Nd3+ 18.Bxd3 cxd3 19.f5 Bd7 20.Qxd3 Qb6 21.Rd2 Rfe8 
22.Nc4 Bb5 23.Nxb5 Qxb5 24.Nxd6 Qxd3 25.Nxe8+ Rxe8 26.Rxd3 Nxe4 27.Re1 
gxf5 28.Rd5 Kf6 29.Rxc5 Re6 30.Rc4 Ke5 31.Kc2 Kf4 32.Kd3 Kg3 33.Rexe4 
fxe4+ 34.Rxe4 Rg6 35.b4 f5 36.Re5 Kxh4 37.Rxf5 Rxg2 38.a4 Rg6 39.Rf1 Rd6+ 
1/2-1/2

[Event "ASLK master tournament"]
[Site "Leuven"]
[Date "1998.02.27"]
[Round "8"]
[White "Vanderwaeren, Serge"]
[Black "Ahn, Martin"]
[Result "1/2-1/2"]
[WhiteElo "2320"]
[BlackElo "2310"]
[WhiteTitle "FM"]
[BlackTitle "FM"]
[Source "ChessBase"]
[EventDate "1998.02.20"]

1.g3 g6 2.Bg2 Bg7 3.c4 d6 4.Nc3 e5 5.d3 Nc6 6.Rb1 a5 7.a3 f5 8.f4 Nf6 9.
Nf3 Nd4 10.O-O O-O 11.Kh1 Nxf3 12.Bxf3 c6 13.Be3 Ng4 14.Bg1 exf4 15.gxf4 
Qe7 16.Qd2 Be6 17.Bg2 Rae8 18.h3 Nf6 19.Bf2 Bh6 20.Bf3 Ng4 21.Bg3 Nf6 22.
Bf2 Qd8 23.e3 d5 24.cxd5 Nxd5 25.Na4 Bf7 26.Rg1 Nf6 27.Nc3 Bb3 28.Bd1 Bd5+
29.Kh2 Be4 30.Bb3+ Kh8 31.Rbd1 Bf3 32.Rde1 c5 33.Bh4 Ne4 34.Nxe4 Qxh4 35.
Ng5 Bc6 36.Re2 b6 37.Qc3+ Bg7 38.Qc4 h6 39.Ne6 Qh5 40.Rf2 Rf6 41.Nxg7 Kxg7
42.Rg3 Qh4 43.Rf1 Bd7 1/2-1/2

[Event "ASLK master tournament"]
[Site "Leuven"]
[Date "1998.02.28"]
[Round "9"]
[White "Ahn, Martin"]
[Black "Lane, Gary William"]
[Result "1/2-1/2"]
[WhiteElo "2310"]
[BlackElo "2400"]
[WhiteTitle "FM"]
[BlackTitle "IM"]
[Source "ChessBase"]
[EventDate "1998.02.20"]

1.e4 e5 2.Nf3 Nc6 3.Nc3 Nf6 4.g3 Bc5 5.Bg2 d6 6.d3 a6 7.O-O O-O 8.h3 h6 9.
Nh4 Be6 10.Kh2 d5 11.exd5 Nxd5 12.Nxd5 Bxd5 13.Nf5 Bxg2 14.Qg4 Qf6 15.Kxg2
Qg6 16.Qxg6 fxg6 17.Nh4 g5 18.Nf3 Rae8 19.Bd2 Rf7 20.Rae1 Ref8 21.Be3 Bd6 
22.Nh2 Kh7 23.Re2 Ne7 24.Rfe1 Nd5 25.Nf1 Nf6 26.f3 Nh5 27.Rf2 b6 28.Nd2 
Nf6 29.a3 Kg6 30.Ne4 b5 31.Bd2 Re8 32.Ba5 1/2-1/2

[Event "ASLK master tournament"]
[Site "Leuven"]
[Date "1998.02.28"]
[Round "9"]
[White "Claesen, Pieter"]
[Black "Vanderwaeren, Serge"]
[Result "1/2-1/2"]
[WhiteElo "2430"]
[BlackElo "2320"]
[WhiteTitle "IM"]
[BlackTitle "FM"]
[Source "ChessBase"]
[EventDate "1998.02.20"]

1.c4 e6 2.g3 d5 3.Nf3 Nf6 4.Bg2 Be7 5.b3 O-O 6.O-O b6 7.Bb2 Bb7 8.e3 Nbd7 
9.Qe2 a5 10.d3 a4 11.Nbd2 Bd6 12.Nd4 Re8 13.f4 Bf8 14.N2f3 c5 15.Nb5 Bc6 
16.Nc3 axb3 17.axb3 Rxa1 18.Rxa1 Bd6 19.e4 d4 20.e5 dxc3 21.Bxc3 Be7 22.
exf6 Bxf6 23.Ne5 Bxg2 24.Kxg2 Bxe5 25.fxe5 g6 26.h4 Qc7 27.Qe4 h5 28.Kh3 
1/2-1/2